Percusión : ejercicio narrativo /

Uloženo v:
Podrobná bibliografie
Hlavní autor: Balza, José
Médium: Neznámo
Jazyk:Spanish
Vydáno: Barcelona, España : Seix Barral, 1982.
Témata:
Tagy: Přidat tag
Žádné tagy, Buďte první, kdo vytvoří štítek k tomuto záznamu!

MARC

LEADER 000000000a22000000004500
001 012806
020 |a 8432245011 
041 0 |a spa 
082 0 4 |a V863.4   |b B193p 
100 1 |a Balza, José 
245 1 0 |a Percusión :   |b ejercicio narrativo /   |c José Balza. 
260 1 |a Barcelona, España :   |b Seix Barral,   |c 1982. 
300 |a 259 páginas 
650 4 |a LITERATURA VENEZOLANA 
650 4 |a NOVELA 
500 |a Colección George Yúdice 
999 |c 18754  |d 18754 
942 |c BK  |h V863.4 B193p  |2 z